00414nam a2200157Ia 45000010006000000050017000060080041000230410008000640820015000721000027000872450089001142600009002033000028002126500008002406540008002482076720260306172830.0260306t2019||||xx |||||||||||||| ||spa|| aESP a343.8bA64 aApaza Meza, MarioeAUT 0aDiferencias del devengo contable y tributario y su aplicación práctica con Excel c2019 a527 páginas :c24 cm. aGEN aCCO